[Event "BL2 Sued 1819 (Women)"]
[Site "Germany"]
[Date "2018.12.09"]
[Round "5.4"]
[White "Spiegelberg, Silvia"]
[Black "Thiery, Jennifer"]
[Result "1-0"]
[WhiteElo "1893"]
[BlackElo "1829"]
[PlyCount "159"]
[EventDate "2018.10.27"]
[EventType "team-tourn"]
[EventRounds "7"]
[EventCountry "GER"]
[SourceTitle "CBM 190 Extra"]
[Source "ChessBase"]
[SourceDate "2019.07.15"]
[SourceVersion "1"]
[SourceVersionDate "2019.07.15"]
[SourceQuality "1"]
[WhiteTeam "Freiburg Zaehringen (W)"]
[BlackTeam "Wadgassen/Differten (W)"]
[WhiteTeamCountry "GER"]
[BlackTeamCountry "GER"]

1. e4 c5 2. Nf3 Nc6 3. d4 cxd4 4. Nxd4 g6 5. c4 Bg7 6. Be3 d6 7. Nc3 Nf6 8. Be2 0-0 9. 0-0 Bd7 10. a3 Rc8 11. Rc1 Ne5 12. b3 a6 13. f3 Qa5 14. Qd2 Rfe8 15. Nc2 b5 16. b4 Qc7 17. c5 Red8 18. Qe1 Be6 19. Nd4 Bc4 20. cxd6 Qxd6 21. Rd1 Bxe2 22. Ncxe2 Nc4 23. Bc1 Qb6 24. Kh1 Rd7 25. Nb3 Rxd1 26. Qxd1 Rd8 27. Qc2 Nd7 28. Nf4 e6 29. Nd3 Nde5 30. Ndc5 Bf8 31. Rd1 Rxd1+ 32. Qxd1 Bg7 33. f4 Nc6 34. Qd7 Bb2 35. Bxb2 Nxb2 36. Qc8+ Qd8 37. Qxd8+ Nxd8 38. Nxa6 Nc4 39. Nd4 Nxa3 40. Nc7 Kf8 41. Kg1 Ke7 42. e5 Kd7 43. Ncxb5 Nxb5 44. Nxb5 Nc6 45. Nd6 f6 46. b5 fxe5 47. Ne4 Nd4 48. fxe5 Nxb5 49. Nf6+ Kc6 50. Nxh7 Kd5 51. Nf8 g5 52. Nh7 Kxe5 53. Nxg5 Kf5 54. Nf3 e5 55. Kf2 Nd6 56. Nd2 Kf4 57. h3 Nf5 58. Nf1 e4 59. g3+ Kg5 60. Ne3 Nd4 61. Nc4 Nf5 62. g4 Nh6 63. Kg3 Ng8 64. h4+ Kg6 65. Kf4 Nf6 66. g5 Nh7 67. Kg4 Nf8 68. Ne5+ Kg7 69. Kf4 Ne6+ 70. Kxe4 Nf8 71. Kf5 Kh7 72. Kf6 Kg8 73. h5 Nh7+ 74. Kg6 Nf8+ 75. Kf5 Kg7 76. g6 Kg8 77. Kf6 Kh8 78. g7+ Kh7 79. gxf8R Kh6 80. Rh8# 1-0

[Event "BL2 Sued 1819 (Women)"]
[Site "Germany"]
[Date "2018.10.28"]
[Round "2.5"]
[White "Amelang, Astrid"]
[Black "Thiery, Jennifer"]
[Result "0-1"]
[WhiteElo "2077"]
[BlackElo "1779"]
[PlyCount "114"]
[EventDate "2018.10.27"]
[EventType "team-tourn"]
[EventRounds "7"]
[EventCountry "GER"]
[SourceTitle "CBM 190 Extra"]
[Source "ChessBase"]
[SourceDate "2019.07.15"]
[SourceVersion "1"]
[SourceVersionDate "2019.07.15"]
[SourceQuality "1"]
[WhiteTeam "Augsburg (W)"]
[BlackTeam "Wadgassen/Differten (W)"]
[WhiteTeamCountry "GER"]
[BlackTeamCountry "GER"]

1. f4 d5 2. Nf3 Nf6 3. e3 c5 4. b3 g6 5. Bb2 Bg7 6. Be2 0-0 7. 0-0 Nbd7 8. Ne5 a6 9. d3 Qc7 10. Nd2 b5 11. d4 Rb8 12. Bf3 c4 13. c3 a5 14. bxc4 bxc4 15. Ba3 Re8 16. g4 e6 17. g5 Nxe5 18. fxe5 Nd7 19. Bd6 Qd8 20. h4 Rb6 21. Bg2 Bf8 22. Bxf8 Rxf8 23. e4 Bb7 24. Qe2 h6 25. Qg4 hxg5 26. hxg5 Kg7 27. Rf2 Rb2 28. exd5 exd5 29. Raf1 Qe7 30. Re2 Nb6 31. Qf4 Nd7 32. Kf2 Rh8 33. Rh1 Rxh1 34. Bxh1 Qe6 35. Bf3 Qf5 36. Qxf5 gxf5 37. Ke3 Rxa2 38. Nb1 Rxe2+ 39. Bxe2 Kg6 40. Kf4 Nf8 41. Na3 Bc6 42. e6 Nxe6+ 43. Ke5 Kxg5 44. Kd6 Nf4 45. Bf3 Ba4 46. Kc5 Kf6 47. Kb6 Ke6 48. Kxa5 Bd7 49. Kb6 Kd6 50. Nc2 Nd3 51. Ka5 f4 52. Kb6 Ba4 53. Na3 Ne1 54. Bg4 f3 55. Nb1 f2 56. Nd2 Bc2 57. Kb5 Ng2 0-1

[Event "BL2 Sued 1718 (Women)"]
[Site "Germany"]
[Date "2018.02.18"]
[Round "7.5"]
[White "Schardt, Madeleine"]
[Black "Thiery, Jennifer"]
[Result "1/2-1/2"]
[WhiteElo "1515"]
[BlackElo "1799"]
[PlyCount "56"]
[EventDate "2017.10.14"]
[EventType "team-tourn"]
[EventRounds "7"]
[EventCountry "GER"]
[SourceTitle "EXT 2019"]
[Source "ChessBase"]
[SourceDate "2018.10.10"]
[SourceVersion "1"]
[SourceVersionDate "2018.10.10"]
[SourceQuality "1"]
[WhiteTeam "Gernsheim (W)"]
[BlackTeam "Wadgassen/Differten (W)"]
[WhiteTeamCountry "GER"]
[BlackTeamCountry "GER"]

1. d4 d5 2. Bf4 Nf6 3. e3 e6 4. Nd2 c5 5. c3 Be7 6. Ngf3 Nbd7 7. Bd3 0-0 8. Qe2 a6 9. h3 b5 10. g4 c4 11. Bc2 b4 12. Rc1 bxc3 13. bxc3 Ba3 14. Rd1 Qa5 15. Nb1 Be7 16. Ne5 Nxe5 17. Bxe5 Kh8 18. g5 Ne4 19. Bxe4 dxe4 20. Qxc4 Bxg5 21. Rg1 f6 22. Bd6 Rf7 23. Nd2 Qd5 24. Bh2 Qf5 25. Rb1 Bb7 26. Qf1 Qa5 27. Qc4 Qf5 28. Qf1 Qa5 1/2-1/2

[Event "BL2 Sued 1516 (Women)"]
[Site "Germany"]
[Date "2016.02.27"]
[Round "6.5"]
[White "Thiery, Jennifer"]
[Black "Flach, Helene"]
[Result "1/2-1/2"]
[WhiteElo "1891"]
[BlackElo "1766"]
[PlyCount "63"]
[EventDate "2015.09.26"]
[EventType "team-tourn"]
[EventRounds "7"]
[EventCountry "GER"]
[SourceTitle "EXT 2017"]
[Source "ChessBase"]
[SourceDate "2016.10.25"]
[SourceVersion "1"]
[SourceVersionDate "2016.10.25"]
[SourceQuality "1"]
[WhiteTeam "Wadgassen/Differten (W)"]
[BlackTeam "Langen (W)"]
[WhiteTeamCountry "GER"]
[BlackTeamCountry "GER"]

1. e4 c5 2. Nf3 e6 3. d4 cxd4 4. Nxd4 a6 5. a3 Qc7 6. c4 Nf6 7. Nc3 b6 8. Be3 Bb7 9. Bd3 d6 10. 0-0 Nbd7 11. Nf3 Be7 12. Rc1 Rc8 13. Qc2 0-0 14. h3 Rfd8 15. Ng5 Ne5 16. Na4 Nfd7 17. Qe2 Nxd3 18. Qxd3 Nc5 19. Nxc5 dxc5 20. Qe2 h6 21. Nf3 Bxe4 22. Rfd1 Bg6 23. Bd2 Bf6 24. Bc3 Rxd1+ 25. Qxd1 Rd8 26. Qa4 Bxc3 27. Rxc3 Be4 28. Nh2 Bb7 29. Qc2 Qf4 30. Rd3 Qf6 31. Ng4 Qg5 32. Nxh6+ 1/2-1/2

[Event "BL2 Sued 1516 (Women)"]
[Site "Germany"]
[Date "2016.01.10"]
[Round "5.5"]
[White "Schlich, Mara"]
[Black "Thiery, Jennifer"]
[Result "0-1"]
[WhiteElo "1680"]
[BlackElo "1891"]
[PlyCount "74"]
[EventDate "2015.09.26"]
[EventType "team-tourn"]
[EventRounds "7"]
[EventCountry "GER"]
[SourceTitle "EXT 2017"]
[Source "ChessBase"]
[SourceDate "2016.10.25"]
[SourceVersion "1"]
[SourceVersionDate "2016.10.25"]
[SourceQuality "1"]
[WhiteTeam "Mainz Schott (W)"]
[BlackTeam "Wadgassen/Differten (W)"]
[WhiteTeamCountry "GER"]
[BlackTeamCountry "GER"]

1. d4 d5 2. c4 c6 3. Nc3 e6 4. Bf4 Nf6 5. Nf3 Be7 6. e3 0-0 7. c5 Nh5 8. Bg3 Nxg3 9. hxg3 Nd7 10. Qc2 h6 11. Be2 e5 12. Nh4 exd4 13. exd4 Bxh4 14. Rxh4 Nf6 15. 0-0-0 b6 16. Rdh1 Nh7 17. f4 f5 18. Bd3 bxc5 19. dxc5 Qe7 20. Ne2 Nf6 21. Re1 Ne4 22. Nd4 Qxc5 23. Nxc6 Qxc2+ 24. Bxc2 Bb7 25. Na5 Ba6 26. Nc6 Bb7 27. Ne7+ Kh7 28. Bb3 Rad8 29. Rd1 d4 30. g4 fxg4 31. Bc2 Rd7 32. Rxg4 Rxe7 33. Rxd4 Kh8 34. f5 Ng5 35. g3 Re1+ 36. Bd1 Bf3 37. Rgf4 Rc8+ 0-1

[Event "BL2 Sued 1516 (Women)"]
[Site "Germany"]
[Date "2015.09.26"]
[Round "1.5"]
[White "Lorenz, Oda"]
[Black "Thiery, Jennifer"]
[Result "1-0"]
[WhiteElo "1813"]
[BlackElo "1891"]
[PlyCount "81"]
[EventDate "2015.09.26"]
[EventType "team-tourn"]
[EventRounds "7"]
[EventCountry "GER"]
[SourceTitle "EXT 2017"]
[Source "ChessBase"]
[SourceDate "2016.10.25"]
[SourceVersion "1"]
[SourceVersionDate "2016.10.25"]
[SourceQuality "1"]
[WhiteTeam "Augsburg (W)"]
[BlackTeam "Wadgassen/Differten (W)"]
[WhiteTeamCountry "GER"]
[BlackTeamCountry "GER"]

1. e4 c5 2. d4 cxd4 3. c3 dxc3 4. Nxc3 Nc6 5. Nf3 d6 6. Bc4 Nf6 7. e5 d5 8. exf6 dxc4 9. Qxd8+ Nxd8 10. Nd5 Ne6 11. fxe7 Bxe7 12. 0-0 Bd7 13. Ne5 Rc8 14. Be3 b6 15. Rac1 b5 16. Rfd1 Bc6 17. Nxe7 Kxe7 18. Bxa7 Nf4 19. Re1 Kf6 20. Bd4 Bd5 21. Nd3+ Kg5 22. Re5+ f5 23. Nxf4 Kxf4 24. Rxd5 Ke4 25. Rd7 Ra8 26. Re1+ Kf4 27. g3+ Kf3 28. Re3+ Kg4 29. Kg2 Rhg8 30. a3 Rab8 31. h3+ Kg5 32. Re5 b4 33. axb4 Rxb4 34. Rd6 g6 35. Be3+ Kh5 36. Rd7 h6 37. Rh7 g5 38. Re6 Rg6 39. g4+ fxg4 40. hxg4+ Kxg4 41. Rxg6 1-0

[Event "BL2 Sued 1314 (Women)"]
[Site "Germany"]
[Date "2014.02.16"]
[Round "5.4"]
[White "Brendel, Bergit"]
[Black "Thiery, Jennifer"]
[Result "1-0"]
[WhiteElo "2033"]
[BlackElo "1873"]
[PlyCount "83"]
[EventDate "2013.11.30"]
[EventType "team-tourn"]
[EventRounds "7"]
[EventCountry "GER"]
[SourceTitle "EXT 2018"]
[Source "ChessBase"]
[SourceDate "2017.10.13"]
[SourceVersion "1"]
[SourceVersionDate "2017.10.13"]
[SourceQuality "1"]
[WhiteTeam "Karlsruhe (W)"]
[BlackTeam "Wadgassen/Differten (W)"]
[WhiteTeamCountry "GER"]
[BlackTeamCountry "GER"]

1. e4 c5 2. Nf3 Nc6 3. d4 cxd4 4. Nxd4 g6 5. Nc3 Bg7 6. Be3 Nf6 7. Be2 0-0 8. Qd2 d6 9. 0-0-0 Bd7 10. h4 h5 11. f3 Rc8 12. g4 Ne5 13. Bh6 Nc4 14. Bxc4 Rxc4 15. Nf5 Bxf5 16. gxf5 Qe8 17. Rhg1 Kh7 18. Bxg7 Kxg7 19. Rg3 Kh7 20. Rdg1 Rg8 21. Ne2 Nd7 22. Nf4 Ne5 23. Qe2 Qa4 24. Kb1 Rcc8 25. Qg2 Qe8 26. Nxh5 Qb5 27. Nf4 Nc4 28. c3 Ne3 29. Qd2 Nc4 30. Qe2 a5 31. Ka1 gxf5 32. b3 Na3 33. Qg2 Qe5 34. Qb2 Rxg3 35. Rxg3 Qxf4 36. Rg5 Qxh4 37. Rg1 Qf6 38. Qh2+ Qh6 39. Qg2 Qg6 40. Qh3+ Qh6 41. Qxf5+ Kh8 42. Qxc8+ 1-0

[Event "BL2 Sued 1213 (Women)"]
[Site "Germany"]
[Date "2013.01.20"]
[Round "5.3"]
[White "Thiery, Jennifer"]
[Black "Frey, Alisa"]
[Result "0-1"]
[WhiteElo "1654"]
[BlackElo "2005"]
[PlyCount "72"]
[EventDate "2012.10.06"]
[EventType "team-tourn"]
[EventRounds "7"]
[EventCountry "GER"]
[SourceTitle "EXT 2018"]
[Source "ChessBase"]
[SourceDate "2017.10.13"]
[SourceVersion "1"]
[SourceVersionDate "2017.10.13"]
[SourceQuality "1"]
[WhiteTeam "Wadgassen/Differten (W)"]
[BlackTeam "Schott Mainz (W)"]
[WhiteTeamCountry "GER"]
[BlackTeamCountry "GER"]

1. e4 e5 2. Nf3 Nc6 3. Bc4 Nf6 4. Ng5 d5 5. exd5 b5 6. dxc6 bxc4 7. d3 cxd3 8. Qxd3 Qxd3 9. cxd3 Ba6 10. 0-0 Bd6 11. Rd1 0-0 12. Nc3 Rab8 13. Nge4 Rfd8 14. Nxf6+ gxf6 15. d4 exd4 16. Rxd4 Bxh2+ 17. Kxh2 Rxd4 18. Be3 Rd6 19. b3 Rxc6 20. Nd5 Kg7 21. Bxa7 Rb5 22. Ne3 Bc8 23. Bd4 Be6 24. g4 Rd6 25. Bc3 Rd3 26. Rc1 Kg6 27. Kg1 f5 28. gxf5+ Bxf5 29. Nc4 f6 30. Ne3 Be4 31. Kf1 Bf3 32. Ng2 Bxg2+ 33. Kxg2 Rg5+ 34. Kf1 Rc5 35. Bb2 Rxc1+ 36. Bxc1 Rd1+ 0-1

[Event "BL2 Sued 1213 (Women)"]
[Site "Germany"]
[Date "2012.10.06"]
[Round "1.4"]
[White "Diener, Carolin Valeria"]
[Black "Thiery, Jennifer"]
[Result "0-1"]
[WhiteElo "1710"]
[BlackElo "1654"]
[PlyCount "118"]
[EventDate "2012.10.06"]
[EventType "team-tourn"]
[EventRounds "7"]
[EventCountry "GER"]
[SourceTitle "EXT 2018"]
[Source "ChessBase"]
[SourceDate "2017.10.13"]
[SourceVersion "1"]
[SourceVersionDate "2017.10.13"]
[SourceQuality "1"]
[WhiteTeam "Friedberg (W) II"]
[BlackTeam "Wadgassen/Differten (W)"]
[WhiteTeamCountry "GER"]
[BlackTeamCountry "GER"]

1. e4 c5 2. Nf3 Nc6 3. Bb5 a6 4. Bxc6 bxc6 5. Nc3 d6 6. d3 g6 7. 0-0 Bg7 8. Be3 Rb8 9. Rb1 Nf6 10. h3 0-0 11. Qd2 Bd7 12. Bh6 Qc7 13. Bxg7 Kxg7 14. Qe3 e5 15. Nh2 Nh5 16. Ne2 Be6 17. b3 Qe7 18. f4 Bd7 19. Qf3 Nxf4 20. Nxf4 exf4 21. Qxf4 f5 22. exf5 Rxf5 23. Qd2 Rbf8 24. Rfe1 Qf7 25. Ng4 Rf4 26. Qc3+ Rd4 27. Rf1 Qe7 28. Rxf8 Qxf8 29. Nh2 Kg8 30. Qa5 Rf4 31. Qxa6 Rf2 32. Rf1 Rxf1+ 33. Nxf1 Qf6 34. Qc4+ Be6 35. Qe4 d5 36. Qe2 Qd4+ 37. Qe3 Qxe3+ 38. Nxe3 Kf7 39. a4 Ke7 40. Kf2 Kd6 41. Kg3 Ke5 42. Nd1 c4 43. dxc4 dxc4 44. b4 Kd4 45. Kh4 Bf5 46. a5 Bxc2 47. a6 Be4 48. g4 c3 49. Nxc3 Kxc3 50. Kg5 Kxb4 51. Kh6 c5 52. Kxh7 c4 53. a7 c3 54. a8Q Bxa8 55. Kxg6 Be4+ 56. Kf6 c2 57. g5 c1Q 58. g6 Qf4+ 59. Kg7 Qg5 0-1

[Event "BL2 Sued 1112 (Women)"]
[Site "Germany"]
[Date "2012.02.12"]
[Round "7.3"]
[White "Thiery, Jennifer"]
[Black "Froehlich Dill, Astrid"]
[Result "1-0"]
[WhiteElo "1611"]
[BlackElo "1931"]
[PlyCount "127"]
[EventDate "2011.10.29"]
[EventType "team-tourn"]
[EventRounds "7"]
[EventCountry "GER"]
[SourceTitle "EXT 2013"]
[Source "ChessBase"]
[SourceDate "2012.11.22"]
[SourceVersion "1"]
[SourceVersionDate "2012.11.22"]
[SourceQuality "1"]
[WhiteTeam "Differten (W)"]
[BlackTeam "Hofheim (W)"]
[WhiteTeamCountry "GER"]
[BlackTeamCountry "GER"]

1. e4 c5 2. Nf3 Nc6 3. d4 cxd4 4. Nxd4 e6 5. Be2 Nf6 6. f3 Qb6 7. Nb3 d5 8. Bd3 dxe4 9. fxe4 e5 10. h3 Be6 11. Nc3 Rd8 12. Qf3 Bb4 13. Bd2 Nd4 14. Qg3 Bxb3 15. axb3 Qd6 16. Qf2 0-0 17. Be3 Nxb3 18. Rxa7 Nc5 19. 0-0 Nxd3 20. cxd3 Qxd3 21. Rxb7 Bxc3 22. bxc3 Nxe4 23. Qf3 f6 24. Kh2 Nd6 25. Rxg7+ Kh8 26. Rg3 Qe4 27. Bc5 Qxf3 28. Rgxf3 Kg7 29. Rd1 Ne4 30. Bxf8+ Rxf8 31. Rd7+ Kg6 32. Rc7 h5 33. Rd3 Kf5 34. Rh7 Kg6 35. Rc7 Rh8 36. c4 Ng5 37. Rcd7 e4 38. Re3 Re8 39. c5 f5 40. Rd6+ Kf7 41. Kg3 Ne6 42. Rc3 f4+ 43. Kf2 Ke7 44. Rd5 Ra8 45. Rc2 e3+ 46. Ke1 Ra1+ 47. Rd1 Rxd1+ 48. Kxd1 Kd7 49. c6+ Kc7 50. Rc4 Kd6 51. Ke2 Kc7 52. Re4 Kd6 53. c7 Nxc7 54. Rxf4 Nd5 55. Rh4 Ke6 56. g3 Nf6 57. Kxe3 Kf5 58. Rf4+ Kg5 59. h4+ Kg6 60. Rxf6+ Kxf6 61. Kf4 Kg6 62. Ke5 Kg7 63. Kf5 Kh6 64. Kf6 1-0

[Event "BL2 Sued 1112 (Women)"]
[Site "Germany"]
[Date "2011.11.27"]
[Round "4.3"]
[White "Gussakovski, Jana"]
[Black "Thiery, Jennifer"]
[Result "1-0"]
[WhiteElo "2101"]
[BlackElo "1611"]
[PlyCount "41"]
[EventDate "2011.10.29"]
[EventType "team-tourn"]
[EventRounds "7"]
[EventCountry "GER"]
[SourceTitle "EXT 2013"]
[Source "ChessBase"]
[SourceDate "2012.11.22"]
[SourceVersion "1"]
[SourceVersionDate "2012.11.22"]
[SourceQuality "1"]
[WhiteTeam "Deizisau (W)"]
[BlackTeam "Differten (W)"]
[WhiteTeamCountry "GER"]
[BlackTeamCountry "GER"]

1. e4 c5 2. c3 Nc6 3. d4 cxd4 4. cxd4 d6 5. Nc3 g6 6. Bc4 Bg7 7. Be3 Nf6 8. f3 0-0 9. Nge2 Bd7 10. g4 Rc8 11. Bd3 Nb4 12. Bb1 Qa5 13. Qd2 b5 14. g5 Nh5 15. Nd5 Rc2 16. Qxb4 Qxb4+ 17. Nxb4 Rc4 18. a3 e6 19. Ba2 Rcc8 20. Rc1 a5 21. Nd3 1-0

[Event "BL2 Sued 1011 (Women)"]
[Site "Germany"]
[Date "2010.11.06"]
[Round "1.4"]
[White "Spiel, Marianne"]
[Black "Thiery, Jennifer"]
[Result "1-0"]
[WhiteElo "2030"]
[BlackElo "1638"]
[PlyCount "31"]
[EventDate "2010.11.06"]
[EventType "team-tourn"]
[EventRounds "7"]
[EventCountry "GER"]
[SourceTitle "EXT 2012"]
[Source "ChessBase"]
[SourceDate "2011.11.24"]
[SourceVersion "1"]
[SourceVersionDate "2011.11.24"]
[SourceQuality "1"]
[WhiteTeam "Bayern Muenchen (W)"]
[BlackTeam "Differten (W)"]
[WhiteTeamCountry "GER"]
[BlackTeamCountry "GER"]

1. e4 Nc6 2. d4 d6 3. Nf3 g6 4. Be3 Bg7 5. h3 e6 6. c4 Nf6 7. Nc3 0-0 8. Be2 Bd7 9. Qd2 a6 10. Bh6 Ne7 11. Bxg7 Kxg7 12. e5 dxe5 13. dxe5 Ne8 14. Rd1 Bc6 15. Qxd8 Rxd8 16. Rxd8 1-0

[Event "BL2 West 0708 (Women)"]
[Site "Germany"]
[Date "2008.03.16"]
[Round "7.3"]
[White "Thiery, Jennifer"]
[Black "Schulze, Dorothee"]
[Result "1-0"]
[WhiteElo "1744"]
[BlackElo "1971"]
[PlyCount "59"]
[EventDate "2007.11.10"]
[EventType "team-tourn"]
[EventRounds "7"]
[EventCountry "GER"]
[SourceTitle "EXT 2009"]
[Source "ChessBase"]
[SourceDate "2008.11.26"]
[SourceVersion "1"]
[SourceVersionDate "2008.11.26"]
[SourceQuality "1"]
[WhiteTeam "Wadgassen/Differten (W)"]
[BlackTeam "Lehrte (W)"]
[WhiteTeamCountry "GER"]
[BlackTeamCountry "GER"]

1. e4 e6 2. d4 d5 3. e5 c5 4. c3 Nc6 5. Nf3 Qb6 6. a3 cxd4 7. cxd4 Nh6 8. b4 Nf5 9. Be3 Bd7 10. Be2 Rc8 11. 0-0 Be7 12. Qd3 0-0 13. Nc3 a5 14. b5 Na7 15. a4 Rc7 16. Rac1 Rfc8 17. Rc2 Bb4 18. Rfc1 Rc4 19. Qd2 R4c7 20. Qd3 Rc4 21. Qd2 Bxc3 22. Rxc3 Nxe3 23. fxe3 Rb4 24. Rxc8+ Nxc8 25. Qc2 Kf8 26. Qxh7 Ne7 27. Qh8+ Ng8 28. Ng5 Qd8 29. Nh7+ Ke7 30. Qxg7 1-0

[Event "GER-chT U20 Girls"]
[Site "Pori"]
[Date "2004.12.30"]
[Round "7.2"]
[White "Thiery, Jennifer"]
[Black "Diebig, Maja"]
[Result "1/2-1/2"]
[WhiteElo "1723"]
[BlackElo "1716"]
[PlyCount "45"]
[EventDate "2004.12.27"]
[EventType "team"]
[EventRounds "7"]
[EventCountry "GER"]
[SourceTitle "EXT 2006"]
[Source "ChessBase"]
[SourceDate "2005.11.24"]
[SourceVersion "1"]
[SourceVersionDate "2005.11.24"]
[SourceQuality "1"]

1. e4 e6 2. d4 d5 3. e5 c5 4. c3 Nc6 5. Nf3 Qb6 6. a3 c4 7. g3 f6 8. exf6 Nxf6 9. Bg2 Bd6 10. 0-0 0-0 11. Re1 Bd7 12. Nbd2 Qc7 13. b3 b5 14. b4 a5 15. Bb2 Ra7 16. Qe2 Rfa8 17. Ne5 Re8 18. Bh3 Nd8 19. Qe3 axb4 20. axb4 Rxa1 21. Rxa1 Nc6 22. f4 Qb7 23. Qe1 1/2-1/2

[Event "GER-chT U20 Girls"]
[Site "Pori"]
[Date "2004.12.27"]
[Round "2.2"]
[White "Thiery, Jennifer"]
[Black "Hoenecke, Judith"]
[Result "1/2-1/2"]
[WhiteElo "1723"]
[BlackElo "1719"]
[PlyCount "72"]
[EventDate "2004.12.27"]
[EventType "team"]
[EventRounds "7"]
[EventCountry "GER"]
[SourceTitle "EXT 2006"]
[Source "ChessBase"]
[SourceDate "2005.11.24"]
[SourceVersion "1"]
[SourceVersionDate "2005.11.24"]
[SourceQuality "1"]

1. e4 c5 2. Nf3 e6 3. d4 cxd4 4. Nxd4 a6 5. Nc3 Qc7 6. Be2 d6 7. 0-0 Be7 8. Be3 b5 9. a3 Bb7 10. f4 Nd7 11. Bf3 Ngf6 12. Qe2 0-0 13. Rad1 Nb6 14. Qd3 Rac8 15. Nde2 Nc4 16. Bc1 Rfd8 17. f5 d5 18. exd5 Nxd5 19. Bxd5 Bxd5 20. Nxd5 Rxd5 21. Qh3 Qc5+ 22. Kh1 Rxf5 23. c3 Rxf1+ 24. Rxf1 Rd8 25. Nd4 Bf6 26. Qg3 Qd5 27. Qf2 Rd7 28. Ne2 Bg5 29. Nf4 Qe5 30. Re1 Qf5 31. g3 Bxf4 32. gxf4 Qd5+ 33. Kg1 Qd6 34. Qe2 Qc5+ 35. Kf1 Qf5 36. Qg2 Qd5 1/2-1/2

[Event "GER-chT U20 Girls"]
[Site "Ditzingen"]
[Date "2003.12.28"]
[Round "4.2"]
[White "Erben, Larissa"]
[Black "Thiery, Jennifer"]
[Result "1/2-1/2"]
[WhiteElo "1497"]
[BlackElo "1688"]
[PlyCount "68"]
[EventDate "2003.12.27"]
[EventType "team-swiss"]
[EventRounds "7"]
[EventCountry "GER"]
[SourceTitle "EXT 2022"]
[Source "ChessBase"]
[SourceDate "2021.10.06"]
[SourceVersion "1"]
[SourceVersionDate "2021.10.06"]
[SourceQuality "1"]
[WhiteTeam "Wolfbusch U20 Girls"]
[BlackTeam "Wadgassen/Differten U20 Girls"]
[WhiteTeamCountry "GER"]
[BlackTeamCountry "GER"]

1. e4 c5 2. Nf3 Nc6 3. d4 cxd4 4. Nxd4 g6 5. c4 Bg7 6. Be3 d6 7. Nc3 Nf6 8. Be2 0-0 9. 0-0 Bd7 10. Qd2 a6 11. f3 Rc8 12. b3 Qc7 13. Rfe1 Ne5 14. Rac1 Rfd8 15. Nd5 Nxd5 16. cxd5 Qb8 17. h3 Be8 18. Kh1 Nd7 19. Bg5 Nf6 20. Bh6 Bh8 21. Qg5 Rxc1 22. Rxc1 Rc8 23. Rd1 Qc7 24. Nf5 Qd8 25. Bd3 Bd7 26. Nd4 Nh5 27. Qe3 Qa5 28. g4 Nf6 29. Bb1 Qc3 30. Qxc3 Rxc3 31. Kg2 Ne8 32. Ne2 Rc8 33. a4 e6 34. h4 Bg7 1/2-1/2

[Event "GER-chT U20 Girls"]
[Site "Ditzingen"]
[Date "2003.12.27"]
[Round "2.2"]
[White "Hoenecke, Judith"]
[Black "Thiery, Jennifer"]
[Result "1/2-1/2"]
[WhiteElo "1779"]
[BlackElo "1688"]
[PlyCount "72"]
[EventDate "2003.12.27"]
[EventType "team-swiss"]
[EventRounds "7"]
[EventCountry "GER"]
[SourceTitle "EXT 2022"]
[Source "ChessBase"]
[SourceDate "2021.10.06"]
[SourceVersion "1"]
[SourceVersionDate "2021.10.06"]
[SourceQuality "1"]
[WhiteTeam "Ruedersdorf Glueckauf U20 Girls"]
[BlackTeam "Wadgassen/Differten U20 Girls"]
[WhiteTeamCountry "GER"]
[BlackTeamCountry "GER"]

1. d4 d5 2. Nc3 Nf6 3. Bg5 e6 4. e4 dxe4 5. Nxe4 Be7 6. Nxf6+ Bxf6 7. Bxf6 Qxf6 8. Nf3 0-0 9. Bd3 c5 10. c3 Nd7 11. 0-0 Rb8 12. Qc2 h6 13. Rad1 b5 14. dxc5 Nxc5 15. Be2 Bb7 16. Nd4 Be4 17. Qc1 a6 18. Qe3 Bd5 19. b3 Rbc8 20. Rc1 Rfd8 21. Rfd1 Bb7 22. c4 b4 23. Bf3 Bxf3 24. Nxf3 Qb2 25. Rxd8+ Rxd8 26. Re1 Nd3 27. Rd1 Qc2 28. Qd2 Qxd2 29. Rxd2 Rd7 30. Kf1 Kf8 31. Ne1 Nc5 32. Rxd7 Nxd7 33. Nd3 a5 34. Ke2 Ke7 35. Ke3 Kd6 36. f4 g5 1/2-1/2

[Event "GER-ch (Women)"]
[Site "Altenkirchen"]
[Date "2003.07.28"]
[Round "4"]
[White "Erbs, Susan"]
[Black "Thiery, Jennifer"]
[Result "1-0"]
[WhiteElo "1763"]
[BlackElo "1688"]
[PlyCount "116"]
[EventDate "2003.07.25"]
[EventType "swiss"]
[EventRounds "9"]
[EventCountry "GER"]
[SourceTitle "CBM 095 Extra"]
[Source "ChessBase"]
[SourceDate "2003.09.04"]
[SourceVersion "1"]
[SourceVersionDate "2003.09.04"]
[SourceQuality "1"]

1. e4 c5 2. Nc3 Nc6 3. g3 g6 4. Bg2 Bg7 5. d3 e6 6. f4 Nge7 7. Nf3 d6 8. 0-0 0-0 9. Be3 Rb8 10. Qd2 b5 11. Rae1 Nd4 12. g4 Nec6 13. Qf2 Nxf3+ 14. Bxf3 Nd4 15. Bg2 b4 16. Nd1 f5 17. exf5 gxf5 18. g5 a5 19. h4 Qe8 20. Bc1 a4 21. Ne3 b3 22. axb3 axb3 23. c3 Nc6 24. Nc4 Qd7 25. h5 d5 26. Qxc5 dxc4 27. Qxc6 Qxc6 28. Bxc6 cxd3 29. Rd1 Rb6 30. Bg2 Rd8 31. Be3 Rbd6 32. Rd2 R6d7 33. Ra1 Bb7 34. Bxb7 Rxb7 35. Kg2 Kf7 36. Kf3 Rd5 37. Bf2 e5 38. fxe5 Bxe5 39. Bg3 Bxg3 40. Kxg3 Ke6 41. Kf4 Kf7 42. Ra6 Rbb5 43. Ra7+ Kg8 44. Re7 Ra5 45. Ke3 f4+ 46. Kxf4 Rxg5 47. Rxd3 Raf5+ 48. Ke4 Rxh5 49. Rd8+ Rf8 50. Rxf8+ Kxf8 51. Rb7 Rh1 52. c4 Rh3 53. c5 Ke8 54. Kd5 Kd8 55. Kc6 Rh6+ 56. Kb5 Kc8 57. c6 Rh2 58. Rg7 Rxb2 1-0

[Event "GER-ch U18 Girls"]
[Site "Willingen"]
[Date "2003.06.11"]
[Round "7"]
[White "Thiery, Jennifer"]
[Black "Wald, Elena"]
[Result "1-0"]
[WhiteElo "1738"]
[BlackElo "1507"]
[PlyCount "61"]
[EventDate "2003.06.08"]
[EventType "swiss"]
[EventRounds "9"]
[EventCountry "GER"]
[SourceTitle "CBM 094 Extra"]
[Source "ChessBase"]
[SourceDate "2003.07.09"]
[SourceVersion "2"]
[SourceVersionDate "2003.07.09"]
[SourceQuality "1"]

1. e4 d5 2. exd5 Qxd5 3. Nc3 Qa5 4. d4 Nf6 5. Nf3 Bg4 6. Be2 c6 7. 0-0 e6 8. Ne5 Bxe2 9. Nxe2 Qc7 10. h3 Bd6 11. Nc4 Be7 12. Bf4 Qd8 13. c3 Na6 14. Qb3 b5 15. Ne5 Rc8 16. a4 Qb6 17. axb5 cxb5 18. Qa2 Nc7 19. Qxa7 Qxa7 20. Rxa7 Ncd5 21. Rb7 b4 22. c4 Nxf4 23. Nxf4 h6 24. Nxe6 fxe6 25. Ng6 Rh7 26. Rxe7+ Kd8 27. c5 Rc6 28. Ra1 Rc8 29. Raa7 h5 30. Rxe6 b3 31. Rd6+ 1-0